000 01256nam0a22002771 4500
001 rc\2116377
005 20260407104722.0
035 _a(NLR Aleph) 006621658
090 _a7455850
_c7455850
100 _a20110829d1978 |||y0rusy50 ca
101 0 _arus
102 _aRU
105 _aa z |||||
200 1 _aАвтомобильные дороги и искусственные сооружения в условиях Дальнего Востока и Крайнего Севера
_eМежвузов. сб. науч. трудов
_fМ-во высш. и сред. спец. образования РСФСР, Хабар. политехн. ин-т
_g[Редкол.: к. т. н., доц. В.И. Кулиш (отв. ред.) и др.]
210 _aХабаровск
_cХабар. политехн. ин-т
_d1978
215 _a219 с.
_cил.
_d20
320 _aБиблиогр. в конце статей
702 1 _aКулиш
_bВ.И.
_4340
712 0 2 _aХабаровский политехнический институт
_3RU\NLR\AUTH\889935528
_9365970
801 0 _aRU
_bNLR
_gpsbo
801 1 _aRU
_bELAR
_2rusmarc
852 _aNLR
_j79-3/3440
899 _aRuMoRGB
_jБ 79-2/352
899 _aRuMoRGB
_jБ 79-2/353
942 _cBOOK
980 _aNB